Gower's principles of modern company law. (Record no. 75)
[ view plain ]
| 000 -LEADER | |
|---|---|
| fixed length control field | 01274cam a2200301 i 4500 |
| 001 - CONTROL NUMBER | |
| control field | 20717405 |
| 005 - DATE AND TIME OF LATEST TRANSACTION | |
| control field | 20241019103447.0 |
| 008 - FIXED-LENGTH DATA ELEMENTS--GENERAL INFORMATION | |
| fixed length control field | 181024s2016 enk bl 001 0 eng d |
| 020 ## - INTERNATIONAL STANDARD BOOK NUMBER | |
| International Standard Book Number | 9780414056268 |
| Qualifying information | (paperback) |
| 020 ## - INTERNATIONAL STANDARD BOOK NUMBER | |
| International Standard Book Number | 0414056264 |
| Qualifying information | (paperback) |
| 050 00 - LIBRARY OF CONGRESS CALL NUMBER | |
| Classification number | KD2079 |
| Item number | .G68 2016 /G69 |
| 082 04 - DEWEY DECIMAL CLASSIFICATION NUMBER | |
| Classification number | 346/.41066 |
| Edition information | 23 |
| 100 1# - MAIN ENTRY--PERSONAL NAME | |
| Personal name | Davies, P. L. |
| Fuller form of name | (Paul Lyndon), |
| Relator term | author. |
| 245 10 - TITLE STATEMENT | |
| Title | Gower's principles of modern company law. |
| Statement of responsibility, etc. | Davies, P. L. |
| 250 ## - EDITION STATEMENT | |
| Edition statement | Tenth edition / |
| Remainder of edition statement | Paul L. Davies QC (hon), FBA, Sarah Worthington QC (hon), FBA ; with a contribution from Dr Eva Micheler. |
| 260 ## - PUBLICATION, DISTRIBUTION, ETC. | |
| Place of publication, distribution, etc. | London |
| -- | United Kingdom |
| Name of publisher, distributor, etc. | Thomson Reuters UK Ltd |
| -- | Trading as Sweet & Maxwell |
| Date of publication, distribution, etc. | 2016 |
| 300 ## - PHYSICAL DESCRIPTION | |
| Extent | cxxxviii, 1225 pages ; |
| Dimensions | 24 cm. |
| Other physical details | Index |
| 500 ## - GENERAL NOTE | |
| General note | Earlier editions entered under: Gower, L.C.B. (Laurence Cecil Bartlett). |
| 500 ## - GENERAL NOTE | |
| General note | "Table of cases": pages xxxix-xci. |
| 500 ## - GENERAL NOTE | |
| General note | "Table of statutes": pages xciii-cxx. |
| 500 ## - GENERAL NOTE | |
| General note | "Table of statutory instruments": pages cxxi-cxxvi. |
| 650 #0 - SUBJECT ADDED ENTRY--TOPICAL TERM | |
| Topical term or geographic name entry element | Corporation law |
| Geographic subdivision | Great Britain. |
| 650 #7 - SUBJECT ADDED ENTRY--TOPICAL TERM | |
| Topical term or geographic name entry element | Corporation law. |
| Source of heading or term | fast |
| Authority record control number or standard number | (OCoLC)fst00879728 |
| 700 1# - ADDED ENTRY--PERSONAL NAME | |
| Personal name | Gower, L. C. B. |
| Fuller form of name | (Laurence Cecil Bartlett) |
| 700 1# - ADDED ENTRY--PERSONAL NAME | |
| Personal name | Worthington, Sarah, |
| Relator term | author. |
| 700 1# - ADDED ENTRY--PERSONAL NAME | |
| Personal name | Micheler, Eva, |
| Relator term | author. |
| 942 ## - ADDED ENTRY ELEMENTS (KOHA) | |
| Source of classification or shelving scheme | Library of Congress Classification |
| Koha item type | Books |
| Edition | Tenth Ed. |
| Suppress in OPAC | No |
| 999 ## - | |
| -- | 75 |
| -- | 75 |
| Withdrawn status | Lost status | Source of classification or shelving scheme | Damaged status | Not for loan | Collection | Home library | Current library | Shelving location | Date acquired | Total checkouts | Full call number | Barcode | Date last seen | Copy number | Price effective from | Koha item type |
|---|---|---|---|---|---|---|---|---|---|---|---|---|---|---|---|---|
| Library of Congress Classification | Non-fiction | Law Library (Christ Temple) | Law Library (Christ Temple) | General stacks | 03/20/2025 | KD2079.G69 GOW | LLCT00000512 | 03/20/2025 | 1 | 03/20/2025 | Books | |||||
| Library of Congress Classification | Non-fiction | Law Library (Kumasi) | Law Library (Kumasi) | General stacks | 05/03/2025 | KD2079.G69 Gow | LLK00000101 | 05/03/2025 | 3 | 05/03/2025 | Books | |||||
| Library of Congress Classification | Non-fiction | Law Library (Miotso) | Law Library (Miotso) | Reference | 10/19/2024 | KD2079.G69 | llm00000161 | 10/19/2024 | 1 | 10/19/2024 | Books |